000 00352cam a22001217a 4500
008 180718b1958 xxu||||| |||| 00| 0 eng d
082 _aOx73 Si13
100 _aSimmons G. ozzie
245 _aSocial status public health
_cby Ozzie g.simmons
260 _anew york
_bSocial science search council health
_c1958
300 _a34p.
650 _aPublic health
999 _c442767
_d442767